[Event "1st Goa GM Open 2018"]
[Site "Taleigao"]
[Date "2018.10.14"]
[Round "3"]
[White "Neelotpal, Das"]
[Black "Mohite, Ranveer"]
[Result "0-1"]
[WhiteElo "2436"]
[BlackElo "2091"]
[Annotator "TA"]
[PlyCount "78"]
[EventDate "2018.10.13"]
[EventType "swiss"]
[EventCountry "IND"]
[SourceTitle "playchess.com"]
[Source "ChessBase"]
[SourceQuality "1"]

{[%evp 21,78,39,32,58,93,47,68,81,87,75,83,0,31,27,0,-101,-100,-193,-194,-199,-189,-189,-192,-205,-203,-202,-87,-94,-99,-97,-82,-193,-193,-197,-194,-198,-77,-74,-81,-183,-185,-164,-98,-120,-93,-91,-12,-557,-537,-29973,-29967,-29992,-29993,-29993,-29994,-29996,-29997,-29997,-473]} 1. d4 Nf6 2. Nf3 g6 3. c4 Bg7 4. e3 O-O 5. Be2 c6 6. Nc3 d5 7. O-O Be6 8. b3 c5 9. Bb2 Nc6 {D94: Grünfeldindisch (Geschlossenes System)} 10. Ng5 (10. dxc5 dxc4 11. bxc4 Nd7 12. Qc1 Nxc5 13. Rd1 Qa5 14. Nd5 Bg4 15. Bxg7 Kxg7 16. Qb2+ f6 17. Nd4 Bxe2 18. Qxe2 {½-½ (57) Bocharov,D (2592)-Dreev,A (2655) Mumbai 2010}) 10... Bf5 11. dxc5 dxc4 {LiveBook: 3 Partien. Weiß steht etwas besser.} 12. Bxc4 Qa5 $146 ({Vorgänger:} 12... h6 13. Nf3 Ne4 14. Nd4 Nxd4 15. Nxe4 Nxb3 16. Bxg7 Kxg7 17. axb3 Bxe4 {½-½ (43) Kharitonov,A (2523)-Hasangatin,R (2500) Moscow 2006}) 13. Na4 b5 14. cxb6 $1 Bg4 15. Nf3 {Und weiter mit b7 wäre nett.} axb6 16. Bc3 (16. Qe2 $16) 16... Qh5 {Droht ...b5 und aus.} 17. h3 Bxh3 $1 18. Bxf6 (18. gxh3 $11 b5 19. Bxb5 Qxb5 20. Rc1) 18... Bxf6 $40 {[%mdl 128] Schwarz hat starken Angriff.} 19. Qd5 (19. Nd4 $17 Qg5 20. Qf3 Nxd4 21. Qxh3) 19... Ne5 $1 $19 20. Nxe5 Bxe5 ({Keinesfalls} 20... Be6 21. Qf3 $15) 21. f4 Ra5 ({Auf keinen Fall} 21... Bxa1 22. Qxh5 gxh5 23. Rxa1 $17) 22. Qd2 Bxa1 23. Rxa1 Be6 (23... Qh4 $1 $19 {zielt auf ...Lg4 ab.} 24. Nxb6 Bxg2 $1 {[%mdl 512]} 25. Qxg2 (25. Qxa5 $2 {zu gefräßig.} Be4 $19) 25... Qf6) 24. Bxe6 fxe6 25. Nxb6 Rb5 26. Qd4 {[#]} (26. Nc4 $17 {war erzwungen.}) 26... g5 $1 27. a4 Rxb3 28. Nd7 {[#]} Re8 (28... Rf5 $1 $19 {...De2 ist eine echte Drohung.} 29. Ne5 gxf4) 29. Nc5 $17 Rb6 30. a5 (30. Ne4 $17 Rc6 31. Nxg5) 30... Rd6 $19 31. Qe5 Qg6 ({Besser ist} 31... Rd1+ $19 32. Rxd1 Qxd1+ 33. Kf2 Qd5 34. Qxe6+ Qxe6 35. Nxe6 gxf4) 32. a6 gxf4 33. exf4 Red8 (33... Qf5 $17) 34. Ne4 $2 {[%mdl 8192]} (34. a7 $11 Rd1+ 35. Rxd1 Rxd1+ 36. Kh2 Qh6+ 37. Kg3 Qg6+ 38. Kf2 Qc2+ 39. Kg3 Qg6+ 40. Kh2 Qh6+ 41. Kg3 Qg6+) 34... Rd5 35. Qb2 Qxe4 {Schwarz setzt Matt.} 36. a7 Rd1+ 37. Rxd1 Rxd1+ 38. Kf2 Qxf4+ 39. Ke2 Qf1+ {Precision: Weiß = 33%, Schwarz = 43%.} 0-1

[Event "1st Goa GM Open 2018"]
[Site "Taleigao"]
[Date "2018.10.14"]
[Round "3"]
[White "Viani Antonio Dcunha"]
[Black "Mahindrakar Indrajeet"]
[Result "1-0"]
[WhiteElo "2430"]
[BlackElo "2107"]
[Annotator "TA"]
[PlyCount "89"]
[EventDate "2018.10.13"]
[EventType "swiss"]
[EventCountry "IND"]
[SourceTitle "playchess.com"]
[Source "ChessBase"]
[SourceQuality "1"]

{[%evp 21,88,16,35,18,14,18,24,11,18,14,16,10,24,13,37,31,33,17,51,51,51,51,73,57,101,83,77,28,52,41,46,55,41,43,40,41,110,110,110,68,77,20,16,18,327,234,586,580,963,962,936,936,29990,6229,5243,3852,12838,12838,5722,5323,29986,29987,29987,29988,29994,29989,29989,29990,29999]} 1. e4 e6 2. d4 d5 3. Nc3 dxe4 4. Nxe4 Bd7 5. Nf3 Bc6 6. Bd3 Nd7 7. Qe2 Ngf6 8. Ng3 Be7 {C10: French with 3 Nc3: Unusual Black 3rd moves and 3...dxe4} 9. Bd2 Bxf3 10. Qxf3 c6 11. O-O O-O {LiveBook: 4 Games} 12. c4 $146 ({Predecessor:} 12. b4 Qb6 13. c3 a5 14. a3 Ra7 15. Rfe1 axb4 16. axb4 {½-½ (77) Stukopin,A (2578)-Hernandez Carmenates,H (2537) Brownsville 2015}) 12... Qb6 13. Bc3 Bb4 14. Rfe1 Rfd8 15. Ne4 Bxc3 16. bxc3 Qc7 17. Rab1 $36 {[%mdl 2048] White fights for an advantage.} h6 18. g4 {[%cal Bg2g4,Bg4g5,Bg5g6][%mdl 32]} Nxe4 19. Rxe4 Nf8 20. h4 Qe7 21. Qg3 Rd7 22. Re5 Rad8 23. g5 {gxh6 is the strong threat.} h5 24. g6 f6 25. Rxh5 {And now c5 would win.} Qa3 26. Bc2 Qxa2 27. Qd3 Qa3 28. c5 Qa5 (28... b5 $14) 29. Bb3 $16 Re7 30. Kh1 Qc7 31. Rf5 (31. Qe4 $16) 31... Nxg6 $11 32. Qe4 Kf8 $2 {[%mdl 8192] [#]} (32... Nf8 $11) 33. Rf3 f5 $2 (33... Kf7) 34. Bxe6 $18 Rf7 35. Rxf5 Re8 36. Re1 Nh8 37. Bxf7 (37. Rh5 $142 g6 38. Rxh8+ Kg7 39. Rxe8 Kh6 40. Bxf7 Qxf7 41. Rh8+ Kg7 42. Qe5+ Qf6 {[#]} 43. Rh7+ $1 {[%mdl 512]} Kg8 44. Qxf6 Kxh7 45. Re7+ Kh6 46. Qh8#) 37... Rxe4 38. Bc4+ Ke7 39. Rxe4+ Kd7 40. Be6+ Kd8 41. Rf8+ {White mates.} Ke7 42. Rxh8 Qa5 43. Ba2+ Kd7 44. Rhe8 {[%csl Ge8][%cal Re4e7]} Qxc3 45. R4e7# {Precision: White = 57%, Black = 33%.} 1-0

[Event "1st Goa GM Open 2018"]
[Site "Taleigao"]
[Date "2018.10.14"]
[Round "3"]
[White "Das, Sayantan"]
[Black "Senthil Maran K"]
[Result "1-0"]
[WhiteElo "2425"]
[BlackElo "2216"]
[Annotator "TA"]
[PlyCount "81"]
[EventDate "2018.10.13"]
[EventType "swiss"]
[EventCountry "IND"]
[SourceTitle "playchess.com"]
[Source "ChessBase"]
[SourceQuality "1"]

{[%evp 15,81,22,25,1,9,-7,-14,-6,-14,-21,-8,-16,0,-18,-13,-41,0,-2,0,8,18,0,0,14,0,0,0,0,0,0,0,-35,-10,-14,22,22,12,-94,-102,-239,-247,-245,581,581,563,563,544,0,0,0,773,733,947,947,939,934,895,891,991,991,883,873,29972,5622,29972,5820,29994,29992]} 1. e4 d6 2. d4 Nf6 3. Nc3 c6 4. Nf3 Bg4 5. h3 Bh5 6. g4 Bg6 {B07: Pirc Defence: Miscellaneous Systems} 7. Bd3 e6 8. Qe2 (8. g5 Nfd7 9. Be3 Bh5 10. Be2 d5 11. Nd2 Bxe2 12. Nxe2 a5 13. c3 a4 14. h4 {1-0 (32) Zhigalko,S (2671)-Zhang,Z (2645) Doha 2016}) 8... d5 {LiveBook: 3 Games. The position is equal.} 9. e5 Nfd7 10. O-O $146 (10. Bg5 $5 {[%cal Rg5d8]} Qb6 11. O-O $11) ({Predecessor:} 10. Bg5 Qc7 11. O-O a6 12. Rae1 b5 13. a3 Nb6 14. h4 {1-0 (50) Bilguun,S (2249)-Jacutina,J (1947) Tagaytay City 2014}) 10... Be7 11. Kg2 c5 12. Bxg6 hxg6 13. dxc5 $1 Nc6 14. Bf4 Nxc5 15. a3 O-O 16. h4 f5 (16... Bxh4 $6 17. g5 $16) 17. exf6 Bxf6 18. Bg3 Bxc3 19. bxc3 Ne4 {[#]} 20. Ng5 $1 {[%mdl 512]} Nxg5 21. hxg5 e5 $36 {[%mdl 2048] Black is more active.} 22. Rad1 Qd7 23. Rh1 Rad8 24. c4 Nd4 25. Qxe5 dxc4 26. Qc5 (26. Qe4 $11) 26... b5 $17 (26... Qxg4 27. Qxc4+ Rf7 28. Rd3 $11) 27. Kh3 (27. f3 $17 {was the only chance.}) 27... Qb7 $1 $19 28. Rhe1 Nxc2 $4 {[%mdl 8192]} (28... Kf7 $1 $19 {avoids the disaster. ( -> ...Rh8+)} 29. Qc7+ (29. Rxd4 {is a self mate.} Rh8+ 30. Bh4 Qf3+ 31. Kh2 Rxh4+ 32. Kg1 Rh1#) 29... Qxc7 30. Bxc7 Nxc2 31. Bxd8 Nxe1) 29. Re7 $1 $18 {[%cal Re7b7]} Qxe7 30. Qxe7 {Threatening mate with Be5.} Rxd1 31. Qe2 $2 ({White has to play} 31. Be5 $18 {[%csl Ge5][%cal Re7g7]} Rf3+ 32. Kh2) 31... Rh1+ $11 32. Kg2 Nd4 $2 {[%mdl 8192]} (32... Rc1 $11 33. Qe6+ Kh7) 33. Qe7 $1 $18 ({Wrong is} 33. Qd2 $2 Rg1+ $1 {[%mdl 512]} 34. Kh3 Nf3 $19) 33... Rd1 34. Be5 {[%csl Ge5][%cal Re7g7]} Rf7 {[#]} 35. Qe8+ $1 ({Less strong is} 35. Qd8+ Kh7 $18) 35... Rf8 36. Qxg6 {[%csl Ge5][%cal Rg6g7]} Rf7 37. Qd6 Rd2 38. Bxd4 Rfxf2+ 39. Kh3 (39. Kg3 $142 Rg2+ 40. Kf4 Rgf2+ 41. Ke4 Rde2+ 42. Kd5 Rf8 43. Qd7 Rf7 44. Qxb5) 39... Rf3+ 40. Kh4 {Intending Qe6+ and mate.} c3 41. Qd5+ {Precision: White = 50%, Black = 40%.} 1-0

[Event "1st Goa GM Open 2018"]
[Site "Taleigao"]
[Date "2018.10.14"]
[Round "3"]
[White "Fominyh, Alexander"]
[Black "Venkata Ramana, J."]
[Result "0-1"]
[WhiteElo "2405"]
[BlackElo "2086"]
[Annotator "NA"]
[PlyCount "94"]
[EventDate "2018.10.13"]
[EventType "swiss"]
[EventCountry "IND"]
[SourceTitle "playchess.com"]
[Source "ChessBase"]
[SourceQuality "1"]
[TimeControl "5400+30"]

1. d4 {[%emt 0:00:14]} Nf6 {[%emt 0:00:00]} 2. Nf3 {[%emt 0:00:12]} g6 {[%emt 0:00:00]} 3. g3 {[%emt 0:00:29]} Bg7 {[%emt 0:00:00]} 4. Bg2 {[%emt 0:00:08]} O-O {[%emt 0:00:00]} 5. c4 {[%emt 0:00:11]} d6 {[%emt 0:00:02]} 6. O-O {[%emt 0:00:10]} c6 {[%emt 0:00:17]} 7. Nc3 {[%emt 0:00:18]} Qa5 {[%emt 0:00:05]} 8. e4 {[%emt 0:00:53]} e5 {[%emt 0:01:27]} 9. d5 {[%emt 0:01:22]} cxd5 {[%emt 0:02:18]} 10. cxd5 {[%emt 0:00:33]} b5 {[%emt 0:01:17]} 11. Nd2 {[%emt 0:02:39]} b4 {[%emt 0:05:03]} 12. Nb3 {[%emt 0:00:10]} Qd8 {[%emt 0:30:19]} 13. Ne2 {[%emt 0:01:30]} a5 {[%emt 0:02:27]} 14. a3 {[%emt 0:00:20]} Na6 {[%emt 0:03:53]} 15. axb4 {[%emt 0:12:35]} axb4 {[%emt 0:10:48]} 16. Bd2 {[%emt 0:08:47]} Bd7 $11 {[%emt 0:00:23]} 17. Nec1 {[%emt 0:00:07]} Bb5 {[%emt 0:03:37]} 18. Re1 {[%emt 0:00:07]} Nd7 {[%emt 0:24:50]} 19. Bf1 {[%emt 0:16:56]} Bxf1 {[%emt 0:00:29]} 20. Rxf1 {[%emt 0:00:07]} f5 {[%emt 0:02:19]} 21. Qe2 {[%emt 0:00:19]} Nac5 {[%emt 0:01:42]} 22. Rxa8 {[%emt 0:01:27]} Qxa8 {[%emt 0:00:02]} 23. Nxc5 {[%emt 0:00:28]} Nxc5 {[%emt 0:00:33]} 24. exf5 {[%emt 0:00:32]} gxf5 {[%emt 0:00:47]} 25. Qc4 {[%emt 0:04:05]} Rc8 {[%emt 0:03:51]} 26. Be3 {[%emt 0:04:46]} e4 {[%emt 0:03:15]} 27. Bxc5 {[%emt 0:08:07]} Rxc5 {[%emt 0:00:02]} 28. Qxb4 {[%emt 0:00:08]} Qxd5 {[%emt 0:00:08]} 29. Qb8+ {[%emt 0:00:45]} Bf8 {[%emt 0:01:12]} 30. Ne2 {[%emt 0:00:33]} Rb5 {[%emt 0:01:24]} 31. Qc8 {[%emt 0:00:57]} Qb7 32. Rc1 {[%emt 0:08:50]} Qxc8 {[%emt 0:00:40]} 33. Rxc8 {[%emt 0:00:06]} Kf7 {[%emt 0:01:56]} 34. Rc7+ {[%emt 0:06:19]} Kg8 {[%emt 0:00:02]} 35. Nd4 {[%emt 0:00:23]} Rxb2 {[%emt 0:01:34]} 36. Nxf5 {[%emt 0:00:24]} Rb1+ {[%emt 0:00:41]} 37. Kg2 {[%emt 0:00:07]} Rd1 {[%emt 0:00:12]} 38. g4 {[%emt 0:09:17]} d5 {[%emt 0:00:50]} 39. Ne3 {[%emt 0:00:08]} Rd2 {[%emt 0:00:26]} 40. Rd7 {[%emt 0:00:24]} Bc5 {[%emt 0:00:19]} 41. Nxd5 {[%emt 0:01:05]} Rxf2+ {[%emt 0:00:14]} 42. Kg3 {[%emt 0:00:36]} e3 {[%emt 0:00:38]} 43. Nf4 {[%emt 0:03:32]} Rxf4 {[%emt 0:00:32]} 44. Kxf4 {[%emt 0:01:18]} e2 {[%emt 0:00:02]} 45. Rd5 {[%emt 0:01:34]} e1=Q {[%emt 0:00:35]} 46. Rg5+ {[%emt 0:00:05]} Kh8 {[%emt 0:00:16]} 47. h4 Qe2 0-1

[Event "1st Goa GM Open 2018"]
[Site "Taleigao"]
[Date "2018.10.14"]
[Round "3"]
[White "Rakesh Kumar Jena"]
[Black "Tarun Kanyamarala"]
[Result "1-0"]
[WhiteElo "2388"]
[BlackElo "2046"]
[Annotator "TA"]
[PlyCount "41"]
[EventDate "2018.10.13"]
[EventType "swiss"]
[EventCountry "IND"]
[SourceTitle "playchess.com"]
[Source "ChessBase"]
[SourceQuality "1"]

{[%evp 10,41,19,0,5,-6,-9,-15,4,0,8,-272,-63,-85,-16,-23,-20,-64,-40,-44,0,-96,-105,-100,-89,-374,-169,-175,145,-107,-24,-100,0,-493]} 1. Nf3 d5 2. d4 Nf6 3. Bf4 e6 4. e3 {[%cal Be2e3,Be3e4][%mdl 32]} c5 5. Nbd2 Bd6 6. c3 {LiveBook: 3 Games. D02: 1 d4 d5 2 Nf3 sidelines, including 2...Nf6 3 g3 and 2...Nf6 3 Bf4} O-O 7. Bg3 b6 8. Bd3 Be7 $146 ({Predecessor:} 8... Ba6 9. Bxa6 Nxa6 10. Qe2 Nc7 11. Ne5 cxd4 12. cxd4 Ne4 13. Nd3 Qe7 14. Bxd6 Qxd6 {½-½ (30) Iturrizaga Bonelli,E (2652)-Adams,M (2751) Caleta 2017}) 9. e4 Nh5 10. Ng5 $2 {[%mdl 8192]} (10. exd5 $11 exd5 11. Nf1) 10... Bxg5 $2 ({Better is} 10... Nxg3 $19 11. hxg3 Bxg5 12. exd5 Bh6) 11. Qxh5 $15 {[#]} g6 ({Black should try} 11... Bxd2+ $1 $17 12. Kxd2 Ba6) 12. Qe2 $11 cxd4 13. h4 Bh6 14. h5 Bg7 15. f4 (15. cxd4 $11 {keeps the balance.} Nc6 16. Nf3) 15... dxc3 $17 16. bxc3 Nd7 17. Nf3 $2 {[%mdl 8192] [#]} (17. e5 $17) 17... Qc7 (17... Bxc3+ $142 18. Kf2 Bxa1 19. Rxa1 Nc5 20. hxg6 fxg6) 18. Rc1 $19 f6 $2 ({Black should play} 18... dxe4 $19 19. Bxe4 Bb7 20. Bxb7 Qxb7) 19. Bf2 $2 {[%mdl 8192]} (19. hxg6 $16 hxg6 20. exd5) 19... Nc5 (19... Qxf4 $17 20. O-O dxe4 21. Qxe4 Qxe4 22. Bxe4 Ba6) 20. hxg6 (20. Bxc5 $1 $11 {remains equal.} bxc5 21. hxg6 hxg6 22. g3) 20... hxg6 (20... Qxf4 $17 21. gxh7+ Kh8) 21. g4 $2 {[%mdl 40960] Precision: White = 20%, Black = 11%. . Loss on Time!?} (21. Bxc5 $1 $11 bxc5 22. exd5 Qxf4 23. Kf2 exd5 24. g3) 1-0

[Event "1st Goa GM Open 2018"]
[Site "Taleigao"]
[Date "2018.10.14"]
[Round "3"]
[White "Anwesh, Upadhyaya"]
[Black "Ganesh, Bhat R."]
[Result "1-0"]
[WhiteElo "2381"]
[BlackElo "2176"]
[Annotator "NA"]
[PlyCount "61"]
[EventDate "2018.10.13"]
[EventType "swiss"]
[EventCountry "IND"]
[SourceTitle "playchess.com"]
[Source "ChessBase"]
[SourceQuality "1"]
[TimeControl "5400+30"]

1. d4 Nf6 2. c4 e6 3. g3 d5 4. Nf3 dxc4 5. Bg2 a6 6. O-O c5 7. dxc5 Qxd1 8. Rxd1 Bxc5 9. Ne5 Ra7 10. Nxc4 b5 11. Bf4 {LiveBook: 6 Partien} Rd7 12. Nbd2 bxc4 13. Bxb8 Bb7 14. Nxc4 Bxg2 15. Kxg2 Rxd1 16. Rxd1 (16. Rb1 Rc1 17. Rxc1 O-O 18. Rd1 Nd5 $2 ({Black should try} 18... Rxb8 $19 19. f4 h6) 19. Bf4 f6) 16... O-O 17. Bf4 Nd5 18. Kf3 f6 19. Bd6 Bxd6 $16 20. Nxd6 Rd8 21. Nc4 Rc8 22. b3 Kf8 23. Rd2 Ke7 24. e4 Nb4 25. Ke3 g5 26. f4 Nc6 27. a3 Nb8 28. Kd3 Nd7 29. b4 Nf8 30. a4 Ng6 31. Kc3 1-0

[Event "1st Goa GM Open 2018"]
[Site "Taleigao"]
[Date "2018.10.14"]
[Round "3"]
[White "Audi Ameya"]
[Black "Amonatov, Farrukh"]
[Result "0-1"]
[WhiteElo "2375"]
[BlackElo "2615"]
[Annotator "RC"]
[PlyCount "60"]
[EventDate "2018.10.13"]
[EventType "swiss"]
[EventCountry "IND"]
[SourceTitle "playchess.com"]
[Source "ChessBase"]
[SourceQuality "1"]
[TimeControl "5400+30"]

1. e4 c5 2. Nf3 d6 3. d4 cxd4 4. Nxd4 Nf6 5. Nc3 a6 6. Be3 e5 7. Nb3 Be7 8. f3 Be6 9. Qd2 O-O 10. O-O-O Nbd7 11. g4 b5 12. g5 Nh5 13. Nd5 Bxd5 14. exd5 f5 15. Rg1 f4 16. Bf2 Bxg5 17. Na5 Bh4 18. Nc6 Bxf2 19. Qxf2 Qb6 {[%emt 0:21:15]} 20. Qg2 {[%emt 0:06:53]} Ndf6 {[%emt 0:10:59]} 21. Ne7+ {[%emt 0:37:44]} Kh8 {[%emt 0:03:28]} 22. Bd3 {[%emt 0:00:02]} Ra7 {[%emt 0:06:18]} 23. Ng6+ {[%emt 0:09:12]} hxg6 24. Bxg6 Qe3+ 25. Kb1 {[%emt 0:03:00]} e4 {[%emt 0:05:56]} 26. Qg5 {[%emt 0:05:19]} Qxf3 {[%emt 0:03:59]} 27. Rdf1 {[%emt 0:01:59]} Qh3 {[%emt 0:05:42]} 28. Bf5 {[%emt 0:00:58]} Qe3 {[%emt 0:00:03]} 29. Qg6 {[%emt 0:00:30]} f3 {[%emt 0:02:08]} 30. Re1 {[%emt 0:06:38]} Qh6 0-1

[Event "1st Goa GM Open 2018"]
[Site "Taleigao"]
[Date "2018.10.14"]
[Round "3"]
[White "Rathanvel, V S"]
[Black "Popov, Ivan"]
[Result "0-1"]
[WhiteElo "2341"]
[BlackElo "2611"]
[Annotator "TA"]
[PlyCount "90"]
[EventDate "2018.10.13"]
[EventType "swiss"]
[EventCountry "IND"]
[SourceTitle "playchess.com"]
[Source "ChessBase"]
[SourceQuality "1"]

{[%evp 23,90,37,47,18,31,30,25,0,0,-14,0,-16,-30,-47,-46,-47,-18,-39,-22,-43,-13,-14,-23,-67,-59,-83,-82,-80,-75,-79,-71,-79,-60,-109,-107,-101,-61,-75,-86,-106,-102,-108,-107,-119,-118,-106,-59,-236,-242,-236,-241,-235,-220,-354,-330,-361,-320,-497,-491,-469,-481,-584,-560,-5416,-5413,-5269,-257,-5195,-5147]} 1. e4 e5 2. Nf3 Nc6 3. Bb5 {[%cal Bf1b5,Bb5a4,Ba4b3][%mdl 32]} a6 4. Ba4 Nf6 5. O-O Nxe4 6. d4 b5 7. Bb3 d5 8. dxe5 Be6 9. Nbd2 {[%cal Bb1d2,Bd2b3,Bb3d4][%mdl 32]} Be7 10. c3 O-O 11. Bc2 f5 12. Nb3 Qd7 13. Nbd4 {C83: Open Ruy Lopez: 9 c3 Be7} Nd8 14. Bb3 c6 15. a4 {Hoping for axb5.White has an edge.} b4 16. cxb4 Bxb4 {[#]} 17. Ne1 $146 ({Predecessor:} 17. Bg5 Kh8 18. Rc1 c5 19. Nxe6 Nxe6 20. Bxd5 N4xg5 21. Bxa8 Qxd1 22. Rfxd1 Rxa8 23. Nxg5 Nxg5 {0-1 (41) Bruzon Batista,L (2664)-Anton Guijarro,D (2646) Havana 2018}) 17... Be7 18. f3 Nc5 {[%cal Be4c5,Bc5b7,Bb7a5,Ba5c6,Bc6d4][%mdl 32]} 19. Bc2 Rb8 20. b3 Ncb7 21. Nd3 c5 22. Nxe6 Nxe6 23. Be3 Na5 24. Rc1 f4 25. Bd2 Nc6 26. Bb1 Ncd4 27. Ba2 Kh8 28. Kh1 Qb7 29. Rb1 Qc6 30. Rc1 Qe8 31. b4 {[%cal Rd3c5]} c4 32. Nxf4 Nxf4 33. Bxf4 Rxf4 34. g3 {[#]} Rxf3 $1 {[%mdl 512]} 35. Rxf3 $2 (35. Qxd4 $15 Qf7 36. Kg2 Rxf1 37. Rxf1) 35... Nxf3 $19 36. Qxf3 Qxa4 37. Bb1 {Threatening mate with Qh5.} Qc6 38. Qf5 (38. Rf1 $142) 38... g6 39. Qf3 Rf8 ({But not} 39... Bxb4 40. Rd1 $19) 40. Qe2 (40. Qg2 {was the only defense.}) 40... d4+ 41. Be4 {[#]} d3 $1 {[%cal Rd3e2]} 42. Qxd3 cxd3 {[%cal Bc4d3,Bd3d2][%mdl 32]} 43. Rxc6 d2 44. Bc2 Rf1+ 45. Kg2 Rc1 {Precision: White = 41%, Black = 88%.} 0-1

[Event "1st Goa GM Open 2018"]
[Site "Taleigao"]
[Date "2018.10.14"]
[Round "3"]
[White "Pradeep Kumar R A"]
[Black "Sivuk, Vitaly"]
[Result "0-1"]
[WhiteElo "2279"]
[BlackElo "2545"]
[Annotator "ChessBase"]
[PlyCount "55"]
[EventDate "2018.10.13"]
[EventType "swiss"]
[EventCountry "IND"]
[SourceTitle "playchess.com"]
[Source "ChessBase"]
[SourceQuality "1"]
[TimeControl "5400+30"]

1. Nf3 {[%emt 0:00:23]} d5 {[%emt 0:00:00]} 2. c4 {[%emt 0:02:40]} Nc6 {[%emt 0:03:36]} 3. g3 {[%emt 0:00:30]} d4 {[%emt 0:00:30]} 4. Bg2 {[%emt 0:00:05]} e5 {[%emt 0:00:07]} 5. O-O {[%emt 0:00:05]} Nf6 {[%emt 0:00:37]} 6. d3 {[%emt 0:00:05]} Be7 {[%emt 0:01:01]} 7. b4 {[%emt 0:00:20]} Nxb4 {[%emt 0:02:08]} 8. Nxe5 {[%emt 0:00:25]} O-O {[%emt 0:00:10]} 9. Nd2 {[%emt 0:05:42]} Bd6 {[%emt 0:07:23]} 10. a3 {[%emt 0:01:45]} Na6 {[%emt 0:01:14]} 11. Nef3 {[%emt 0:00:09]} c5 {[%emt 0:00:34]} 12. Rb1 {[%emt 0:04:13]} Rb8 {[%emt 0:02:31]} 13. Ng5 {[%emt 0:16:46]} b6 {[%emt 0:04:12]} 14. Nge4 {[%emt 0:01:47]} Nxe4 {[%emt 0:01:13]} 15. Nxe4 {[%emt 0:00:04]} Bc7 {[%emt 0:00:14]} 16. f4 {[%emt 0:00:38]} Bb7 {[%emt 0:07:30]} 17. f5 {[%emt 0:00:21]} f6 {[%emt 0:00:06]} 18. Rf2 {[%emt 0:09:02]} Be5 {[%emt 0:04:15]} 19. Qf1 {[%emt 0:02:45]} Qc7 {[%emt 0:04:18]} 20. Bf3 {[%emt 0:00:48]} Bc6 {[%emt 0:13:27]} 21. Bd2 {[%emt 0:04:59]} Rbd8 {[%emt 0:03:54]} 22. Qh3 {[%emt 0:08:17]} Nb8 {[%emt 0:01:47]} 23. Rg2 {[%emt 0:05:17]} Rf7 {[%emt 0:08:37]} 24. Rf1 {[%emt 0:07:22]} Nd7 {[%emt 0:02:08]} 25. Rgf2 {[%emt 0:15:49]} h6 {[%emt 0:08:49]} 26. Qg2 {[%emt 0:04:58]} Kf8 {[%emt 0:02:05]} 27. h4 {[%emt 0:00:27]} Rc8 {[%emt 0:04:58]} 28. Bh5 {[%emt 0:00:23]} 0-1

[Event "1st Goa GM Open 2018"]
[Site "Taleigao"]
[Date "2018.10.14"]
[Round "3"]
[White "Pranav Vijay"]
[Black "Karthik Venkataraman"]
[Result "1-0"]
[WhiteElo "2265"]
[BlackElo "2525"]
[Annotator "TA"]
[PlyCount "81"]
[EventDate "2018.10.13"]
[EventType "swiss"]
[EventCountry "IND"]
[SourceTitle "playchess.com"]
[Source "ChessBase"]
[SourceQuality "1"]

{[%evp 18,81,8,13,5,-13,-11,-7,-8,-20,-11,-18,-22,-32,-22,-26,11,11,11,11,89,97,141,144,155,130,152,143,195,176,185,161,179,165,162,115,130,136,147,127,109,73,175,179,267,254,254,234,308,289,755,704,696,708,1319,1301,1229,1152,2497,2224,2440,2325,2405,2393,1989,1587]} 1. d4 c5 2. c3 e6 3. Nf3 d5 4. Bf4 Nc6 5. e3 Nf6 6. Nbd2 Bd6 7. Bxd6 Qxd6 8. Bb5 O-O 9. O-O Bd7 10. a4 {LiveBook: 10 Games. D02: 1 d4 d5 2 Nf3 sidelines, including 2...Nf6 3 g3 and 2...Nf6 3 Bf4} Rfd8 (10... a6 11. Bd3 e5 12. dxc5 Qxc5 13. e4 Rad8 14. Qc2 Bg4 15. b4 Qd6 16. exd5 Qxd5 17. Bc4 Qd7 {0-1 (54) Schlosser,P (2509)-Ganguly,S (2676) Pardubice 2016}) 11. Bxc6 $146 ({Predecessor:} 11. Qb3 a6 12. Be2 cxd4 13. cxd4 Na5 14. Qc3 Rac8 15. Qa3 Qxa3 16. Rxa3 {½-½ (31) Sadek,S (2280)-Farahat,A (2399) Cairo 2015}) 11... Bxc6 12. Ne5 {The position is equal.} Nd7 13. f4 f6 14. Nxd7 $1 Bxd7 15. Qb3 Be8 16. a5 Qa6 17. dxc5 Qd3 18. Rfe1 Bh5 (18... b6 $11) 19. Nf1 Rd7 20. Qa4 $36 {[%mdl 2048] White has strong initiative.} Rc7 21. Qd4 Qb5 22. b4 Re8 (22... Bg6 $16) 23. e4 dxe4 24. Ng3 ({Don't take} 24. Rxe4 $6 Rd7 $14) 24... Rd7 25. Qxe4 Bg6 26. Qf3 Rd3 {[#]} 27. Re3 $1 Red8 28. Rae1 Qc4 {White should prevent ...Qxc3.} 29. Rxd3 (29. Ne4 {is interesting.} Bxe4 30. Qxe4 Qxe4 31. Rxe4 Rxc3 32. Rxe6 Rd2 33. Re8+) 29... Bxd3 (29... Rxd3 $16 30. Qxb7 h6) 30. Ne4 $18 ({But not} 30. Qxb7 $6 Qxc3 31. Rd1 Qb3 $14) 30... Bxe4 (30... Kf8 $142 31. Qd1 h6) 31. Qxe4 ({Don't do} 31. Rxe4 $6 Rd1+ 32. Qxd1 Qxe4 $16) 31... Qxe4 32. Rxe4 {[%mdl 4096] Endgame KR-KR} Re8 33. Rd4 Re7 $2 (33... Kf7 34. Rd7+ Re7) 34. Rd8+ {White is clearly winning.} Kf7 35. b5 Rc7 36. b6 axb6 37. cxb6 Re7 38. c4 e5 39. c5 exf4 {[#]} 40. c6 $1 {[%mdl 512]} bxc6 41. a6 {Precision: White = 85%, Black = 36%.} 1-0